Bibliothèques livres et librairies (Record no. 182896)

MARC details
000 -LEADER
campo de control de longitud fija 00999nam a22002171i 4500
001 - NÚMERO DE CONTROL
campo de control 182896
003 - IDENTIFICADOR DE NÚMERO DE CONTROL
campo de control ES-MaACL
005 - FECHA Y HORA DE LA ÚLTIMA TRANSACCIÓN
campo de control 20250729015734.0
008 - DATOS DE LONGITUD FIJA--INFORMACIÓN GENERAL
campo de control de longitud fija 131204m19121914fr |||| | fre d
245 00 - MENCIÓN DEL TÍTULO
Título Bibliothèques livres et librairies
Resto del título : Conférences faites a l'Ecole des Hautes-Etudes sociales sous le patronage de l'Association /
Mención de responsabilidad, etc. avec le concours de l'Institut international de Bibliographie et du Cerde de la Libraire.
260 ## - PUBLICACIÓN, DISTRIBUCIÓN, ETC.
Lugar de publicación, distribución, etc. Paris :
Nombre del editor, distribuidor, etc. Marcel Rivière,
Fecha de publicación, distribución, etc. 1912-1914 (
Lugar de fabricación/manufactura Villeneuve-Saint-Sege :
Fabricante Imp. L'Union Typographique)
300 ## - DESCRIPCIÓN FÍSICA
Extensión 3 v. ;
Dimensiones 22 cm.
505 8# - NOTA DE CONTENIDO CON FORMATO
Nota de contenido con formato Contiene: [1ª Serie] 1 vol. 2ª Serie. 1 vol. 3ª Serie. 1 vol. con 2 lám.
594 ## - Nota al título y mención de responsabilidad
Nota al título y mención de responsabilidad Precede al tít.: Association des Bibliothécaires Français.
650 04 - PUNTO DE ACCESO ADICIONAL DE MATERIA--TÉRMINO DE MATERIA
Término de materia o nombre geográfico como elemento de entrada Bibliotecas.
9 (RLIN) 188814
650 #4 - PUNTO DE ACCESO ADICIONAL DE MATERIA--TÉRMINO DE MATERIA
Término de materia o nombre geográfico como elemento de entrada Bibliotecas-
Subdivisión geográfica Francia.
9 (RLIN) 153926
650 07 - PUNTO DE ACCESO ADICIONAL DE MATERIA--TÉRMINO DE MATERIA
Término de materia o nombre geográfico como elemento de entrada Biblioteconomía
Fuente del encabezamiento o término embne
9 (RLIN) 10554
710 0# - ENTRADA AGREGADA--NOMBRE DE ENTIDAD CORPORATIVA
Nombre de entidad corporativa o nombre de jurisdicción como elemento de entrada Association des Bibliothecaires Français.
9 (RLIN) 1809
852 ## - LOCALIZACIÓN
Ubicación ES-MaACL
Número de control de estantería B-4454-56
Holdings
Estatus retirado Estado de pérdida Fuente del sistema de clasificación o colocación Estado de daño No para préstamo Colección Biblioteca de origen Biblioteca actual Ubicación en estantería Fecha de adquisición Total de préstamos Signatura topográfica completa Código de barras Visto por última vez Precio de reemplazo Tipo de ítem Koha
    Clasificación decimal universal     Biblioteca profesional Biblioteca del Ateneo de Madrid Biblioteca del Ateneo de Madrid Sala Pardo Bazán 04/12/2013   B-4454-56 1192224 23/02/2023 23/02/2023 Libro impreso